Full gods of Fear and Hunger series - Statistics

General Stats
  • This quiz has been taken 78 times
  • The average score is 7 of 8
Answer Stats
Picture Answer % Correct
God of Fear and Hunger
97%
Sylvian
97%
Gro-goroth
93%
Alll-mer
89%
Rher
85%
God of the Depths
82%
Vinushka
72%
Sulfur God
66%
No matching quizzes found
Score Distribution
Percent of People with Each Score
Percentile by Number Answered
Your Score History
You have not taken this quiz